| 000 | 01001nam a2200229Ia 4500 | ||
|---|---|---|---|
| 001 | 9352 | ||
| 003 | GE_BSU | ||
| 008 | 181216s||||||||xx |||||||||||||| ||und|| | ||
| 040 | _cGE_BSU | ||
| 080 | _a821.353.1-31 | ||
| 100 | _aდუმბაძე,ნოდარ | ||
| 245 | _aთხზულებანი ოთხ წიგნად. წ.2. ნუ გეშინია,დედა! თეთრი ბაირაღები. მარადისობის კანონი | ||
| 245 | _bთხზულებანი | ||
| 245 | _cრედ.მილიცა ჯაფარიძე.მხატვ.ნ. მალაზონია | ||
| 260 | _aთბილისი | ||
| 260 | _bმერანი | ||
| 260 | _c1989 | ||
| 300 | _a817გვ.ილ.20სმ. | ||
| 653 | _aთხზულებანი | ||
| 653 | _aნუ გეშინია,დედა! თეთრი ბაირაღები. მარადისობის კანონი | ||
| 942 | _cBK | ||
| 999 |
_c42648 _d42648 |
||